|
|
|
|
| LEADER |
00000nam a22000007a 4500 |
| 005 |
20201117223859.0 |
| 007 |
cr|||| ||| |
| 008 |
201117s2020 es |||||s|||| 00||0 spa d |
| 020 |
|
|
|a 978-84-1324-771-7
|
| 035 |
|
|
|a 32127
|
| 040 |
|
|
|a vLex
|
| 090 |
|
|
|c 10885
|d 10885
|
| 100 |
1 |
|
|a Navarro Matamoros, Linda
|
| 245 |
1 |
2 |
|a La caducidad por tolerancia en el derecho de marcas
|h [Recurso electrn̤ico] /
|c Linda Navarro Matamoros, Mara̕ Isabel Grimaldos Garca̕
|
| 256 |
|
|
|a Servicio en ln̕ea
|
| 260 |
|
|
|a Madrid:
|b Dykinson,
|c 2020
|
| 300 |
|
|
|a 1 recurso electrn̤ico
|
| 506 |
1 |
|
|a Disponible solo en los productos indicados
|d vLex Global
|d vLex Global (Academic Edition, excluding Law Schools)
|d vLex Global (U.S. Academic Edition, Law Schools)
|d vLex Global (U.S. Academic Edition, excluding Law Schools)
|d vLex Global (Academic Edition, Law Schools)
|
| 650 |
0 |
4 |
|a Derecho Mercantil y de la Empresa
|z Espaą
|
| 700 |
1 |
|
|a Grimaldos Garca̕, Mara̕ Isabel
|
| 740 |
0 |
|
|a vLex Libros (Servicio en ln̕ea)
|
| 856 |
4 |
0 |
|u http://vlex.com/source/caducidad-tolerancia-derecho-marcas-32127
|z Acceso restringido
|
| 942 |
|
|
|c BOOK
|
| 999 |
0 |
|
|a Commercial and Company Law
|